Firestone plantations experience with ethrel yield stimulant (Record no. 59435)

MARC details
000 -LEADER
fixed length control field 00417nam a2200133Ia 4500
100 ## - MAIN ENTRY--AUTHOR NAME
Personal name Ross J M
245 #0 - TITLE STATEMENT
Title Firestone plantations experience with ethrel yield stimulant
260 ## - PUBLICATION, DISTRIBUTION, ETC. (IMPRINT)
Name of publisher Proceedings of the RRIM Planters Conference, Kuala Lumpur, 1971; p90-103
650 ## - SUBJECT ADDED ENTRY--TOPICAL TERM
Topical Term Ethrel stimulant
650 ## - SUBJECT ADDED ENTRY--TOPICAL TERM
Topical Term Firestone plantation
700 ## - ADDED ENTRY--PERSONAL NAME
Personal name Dinsmore C S
942 ## - ADDED ENTRY ELEMENTS (KOHA)
Koha item type Journals
Holdings
Withdrawn status Lost status Damaged status Not for loan Home library Current library Shelving location Date acquired Koha item type
      Journals RRII Library RRII Library Physiology 17/12/2021 Journals